[Event "Obro "]
[Site "Copenhagen"]
[Date "2018.12.27"]
[Round "1.1"]
[White "Linderod, Lars Erik"]
[Black "Hector, Jonny"]
[Result "0-1"]
[WhiteElo "1942"]
[BlackElo "2501"]
[PlyCount "58"]
[EventDate "2018.12.27"]
[EventCountry "DEN"]

1. e4 e5 2. Nf3 Nc6 3. Nc3 Nf6 4. d4 exd4 5. Nd5 Be7 6. Nxd4 Nxd5 7. exd5 Nxd4
8. Qxd4 O-O 9. Be3 Bf6 10. Qb4 a5 11. Qa3 d6 12. O-O-O Bg4 13. f3 Bd7 14. Bd3
b5 15. Be4 g6 16. g4 Bg7 17. h4 Re8 18. Bg5 f6 19. Bd2 b4 20. Qe3 f5 21. gxf5
Qf6 22. Qb3 a4 23. Qxb4 Rab8 24. Qc3 Qf8 25. Qd3 Bxb2+ 26. Kb1 Qf6 27. c3 Bxc3+
28. Kc1 Bxd2+ 29. Kxd2 gxf5 0-1

[Event "Obro "]
[Site "Copenhagen"]
[Date "2018.12.27"]
[Round "1.2"]
[White "Antonsen, Mikkel"]
[Black "Andersen, Daniel"]
[Result "1-0"]
[WhiteElo "2435"]
[BlackElo "1941"]
[PlyCount "59"]
[EventDate "2018.12.27"]
[EventCountry "DEN"]

1. d4 Nf6 2. c4 g6 3. Nc3 d5 4. cxd5 Nxd5 5. e4 Nxc3 6. bxc3 Bg7 7. Be3 O-O 8.
Nf3 c5 9. Be2 cxd4 10. cxd4 Nc6 11. O-O Bg4 12. d5 Na5 13. Rc1 Rc8 14. Rxc8
Qxc8 15. Bxa7 Nc4 16. Bd4 Bxf3 17. Bxf3 Ne5 18. Be2 Qc7 19. Qa1 f6 20. f4 Nd7
21. Bg4 Nc5 22. Qc3 b6 23. Qc4 Kh8 24. f5 Bh6 25. fxg6 hxg6 26. Qc3 Kg8 27. e5
fxe5 28. Rxf8+ Bxf8 29. Bxe5 Qa7 30. Qc2 1-0

[Event "Obro "]
[Site "Copenhagen"]
[Date "2018.12.27"]
[Round "1.3"]
[White "Orio, Lars"]
[Black "Grishchenko, Sergey"]
[Result "0-1"]
[WhiteElo "1928"]
[BlackElo "2431"]
[PlyCount "86"]
[EventDate "2018.12.27"]
[EventCountry "DEN"]

1. e4 c6 2. d4 d5 3. exd5 cxd5 4. c4 Nf6 5. Nc3 g6 6. Nf3 Bg7 7. Be2 O-O 8. O-O
Nc6 9. h3 Be6 10. c5 Ne4 11. Be3 b6 12. cxb6 Nxc3 13. bxc3 axb6 14. Qd2 Bc8 15.
Bh6 Ba6 16. Rfe1 Bxe2 17. Rxe2 Qc7 18. Bxg7 Kxg7 19. c4 Na5 20. cxd5 Nb3 21.
axb3 Rxa1+ 22. Ne1 Rd8 23. d6 Qxd6 24. Qg5 Qf6 25. Qxf6+ Kxf6 26. Kh2 Rb1 27.
Re3 Rxd4 28. Nc2 Rd5 29. b4 Rd2 30. Rf3+ Kg7 31. Ne3 Rxb4 32. Ng4 Re4 33. Kg3
f5 34. Nh2 Red4 35. Nf1 R2d3 36. Ne3 e5 37. Nc2 f4+ 38. Kg4 h5+ 39. Kg5 Rxf3
40. gxf3 Rd1 41. Nb4 Rg1+ 42. Kh4 Kh6 43. Nd5 g5# 0-1

[Event "Obro "]
[Site "Copenhagen"]
[Date "2018.12.27"]
[Round "1.4"]
[White "Christensen, Tobias Bent"]
[Black "Ramkilde, Mikael"]
[Result "1-0"]
[WhiteElo "2344"]
[BlackElo "1925"]
[PlyCount "55"]
[EventDate "2018.12.27"]
[EventCountry "DEN"]

1. d4 Nf6 2. Nf3 e6 3. c4 Bb4+ 4. Nc3 O-O 5. Bd2 Bxc3 6. Bxc3 Ne4 7. Rc1 d6 8.
g3 Nd7 9. Bg2 f5 10. O-O Qe8 11. Bb4 a5 12. Ba3 b6 13. Nd2 Ndf6 14. Nxe4 Nxe4
15. Qc2 Bb7 16. c5 bxc5 17. dxc5 Ra6 18. Qd3 Qa8 19. cxd6 cxd6 20. Rc7 Rd8 21.
Rd1 Bd5 22. Bxe4 Bxe4 23. Qc3 e5 24. Qb3+ d5 25. f3 Rb8 26. Qa4 Ra7 27. Rdc1
Rab7 28. Qd7 1-0

[Event "Obro "]
[Site "Copenhagen"]
[Date "2018.12.27"]
[Round "1.6"]
[White "Manosri Jacobsen, FM Mikkel"]
[Black "Frisk, Hans"]
[Result "1-0"]
[WhiteElo "2321"]
[BlackElo "1924"]
[PlyCount "99"]
[EventDate "2018.12.27"]
[EventCountry "DEN"]

1. d4 Nf6 2. c4 e6 3. Nf3 d5 4. e3 c5 5. Nc3 Nc6 6. a3 dxc4 7. Bxc4 a6 8. O-O
Be7 9. Qe2 O-O 10. Rd1 Qc7 11. Bd2 b5 12. Ba2 Bb7 13. Rac1 Rac8 14. dxc5 b4 15.
axb4 Nxb4 16. Nb5 axb5 17. Bxb4 Bxf3 18. Qxf3 Qa7 19. Ra1 Ra8 20. Rdc1 Rfc8 21.
Qd1 Qa4 22. Qe1 Qa6 23. Bd5 Qxa1 24. Rxa1 Rxa1 25. Qxa1 Nxd5 26. Qa6 Rd8 27.
Be1 Bxc5 28. Qxb5 Bb4 29. Bxb4 Nxb4 30. Kf1 Nd5 31. Ke2 h6 32. g3 Nf6 33. f3
Rd5 34. Qc6 Rh5 35. h4 g5 36. Qc3 Kg7 37. hxg5 Rxg5 38. Kf2 h5 39. b4 Rd5 40.
e4 Rd1 41. Qb3 Rd7 42. Ke3 Kg6 43. b5 Ne8 44. b6 Nd6 45. Kf4 Re7 46. e5 Nb7 47.
Qd3+ Kh6 48. Qd2 Kg6 49. Qc2+ Kh6 50. Qc7 1-0

[Event "Obro "]
[Site "Copenhagen"]
[Date "2018.12.27"]
[Round "1.7"]
[White "Koch Mueller, Oscar"]
[Black "Haubro, Martin"]
[Result "0-1"]
[WhiteElo "1918"]
[BlackElo "2328"]
[PlyCount "58"]
[EventDate "2018.12.27"]
[EventCountry "DEN"]

1. c4 c6 2. Nc3 d5 3. cxd5 cxd5 4. d4 Nf6 5. Nf3 Nc6 6. Bf4 a6 7. e3 Nh5 8. Bg3
Nxg3 9. hxg3 g6 10. Qb3 e6 11. a3 Bg7 12. Be2 O-O 13. O-O b5 14. Qa2 Qb6 15. b4
Bd7 16. Nd2 Rfd8 17. Nb3 a5 18. Qd2 axb4 19. axb4 Nxb4 20. Rxa8 Rxa8 21. Nc5
Be8 22. Nxb5 Ra2 23. Qxb4 Rxe2 24. Rb1 Bf8 25. Kf1 Rc2 26. Qb3 Bxb5+ 27. Qxb5
Rc1+ 28. Ke2 Rxb1 29. Qe8 Qb5+ 0-1

[Event "Obro "]
[Site "Copenhagen"]
[Date "2018.12.27"]
[Round "1.8"]
[White "Olsen, Peter Erik"]
[Black "Gregor, Bjarke"]
[Result "1-0"]
[WhiteElo "2257"]
[BlackElo "1901"]
[PlyCount "117"]
[EventDate "2018.12.27"]
[EventCountry "DEN"]

1. d4 Nf6 2. Bg5 Ne4 3. Bf4 d5 4. f3 Nf6 5. e4 dxe4 6. Nc3 e6 7. fxe4 Bb4 8.
Bd3 O-O 9. Nf3 c5 10. a3 cxd4 11. axb4 dxc3 12. bxc3 Nc6 13. O-O Qb6+ 14. Kh1
Ng4 15. Qe1 e5 16. Bg3 f6 17. h3 Nh6 18. Bc4+ Kh8 19. b5 Ne7 20. Nxe5 Bxh3 21.
Nd3 Bg4 22. Nf4 Qc5 23. Bd3 b6 24. Bf2 Qc7 25. Bd4 Ng6 26. Nd5 Qd6 27. Qf2 f5
28. Qd2 f4 29. c4 Rf7 30. e5 Nxe5 31. Rxf4 Raf8 32. Raf1 Rxf4 33. Rxf4 Rxf4 34.
Qxf4 Nef7 35. Qxd6 Nxd6 36. c5 bxc5 37. Bxc5 Nc8 38. Ne7 Nb6 39. Bxb6 axb6 40.
Nd5 Nf7 41. Nxb6 Ne5 42. Nc4 Nd7 43. Kg1 Nc5 44. Ne5 Be6 45. Bc4 Bxc4 46. Nxc4
Kg8 47. Kf2 Kf7 48. Ke3 Ke6 49. Kd4 Nb7 50. Nd2 h5 51. c4 g5 52. c5 g4 53. g3
Nd8 54. Ne4 Ke7 55. Ke5 Nf7+ 56. Kd5 Nh6 57. b6 Kd7 58. c6+ Kc8 59. Nd6+ 1-0

[Event "Obro "]
[Site "Copenhagen"]
[Date "2018.12.27"]
[Round "1.10"]
[White "Frisk, Ellinor"]
[Black "Moller, Arne Vagn"]
[Result "1/2-1/2"]
[WhiteElo "2251"]
[BlackElo "1829"]
[PlyCount "78"]
[EventDate "2018.12.27"]
[EventCountry "DEN"]

1. Nf3 Nf6 2. c4 c5 3. g3 g6 4. Bg2 Bg7 5. O-O O-O 6. d4 cxd4 7. Nxd4 Nc6 8.
Nc3 a6 9. e3 e5 10. Nc2 d6 11. b3 Re8 12. Bb2 Be6 13. Qd2 Qd7 14. Rfd1 Rad8 15.
Nd5 Bh3 16. Nxf6+ Bxf6 17. Rac1 h5 18. Bxh3 Qxh3 19. Qe2 Re6 20. e4 Bg5 21. Rb1
h4 22. Rd3 hxg3 23. fxg3 Qh6 24. Rbd1 f5 25. Bc3 f4 26. Nb4 fxg3 27. hxg3 Nd4
28. Qg4 Rf6 29. Nd5 Rf7 30. Bxd4 exd4 31. Qe6 Kg7 32. Nf4 Bxf4 33. gxf4 Qxf4
34. Rh3 Rdf8 35. Kh1 Rf6 36. Qe7+ R8f7 37. Qe8 Rf8 38. Qe7+ R8f7 39. Qe8 Rf8
1/2-1/2

[Event "Obro "]
[Site "Copenhagen"]
[Date "2018.12.28"]
[Round "2.1"]
[White "Hector, Jonny"]
[Black "Nilssen, Ellen Fredericia"]
[Result "1-0"]
[WhiteElo "2501"]
[BlackElo "2155"]
[PlyCount "77"]
[EventDate "2018.12.27"]
[EventCountry "DEN"]

1. Nc3 d5 2. d4 Nf6 3. Bg5 g6 4. f3 Bg7 5. e4 dxe4 6. fxe4 c5 7. dxc5 Qa5 8.
Qd2 Qxc5 9. Nf3 O-O 10. Bd3 Nc6 11. h3 Be6 12. Be3 Qd6 13. Bf4 Qd7 14. O-O Nd4
15. Ng5 Nh5 16. Nxe6 Nxe6 17. Bh2 Nc5 18. Rad1 Rad8 19. Kh1 Nxd3 20. cxd3 Bd4
21. Ne2 Ng7 22. Nxd4 Qxd4 23. Bg1 Qa4 24. b3 Qa6 25. d4 f5 26. e5 Rd5 27. Qb4
e6 28. Rc1 Nh5 29. Rf3 f4 30. Rc7 Rf7 31. Rxf7 Kxf7 32. Kh2 Qb6 33. Qxb6 axb6
34. g4 Ng7 35. Rxf4+ Ke7 36. Bf2 g5 37. Rf6 Ra5 38. a4 b5 39. Be1 1-0

[Event "Obro "]
[Site "Copenhagen"]
[Date "2018.12.28"]
[Round "2.2"]
[White "Thuesen, Mogens Henrik"]
[Black "Antonsen, Mikkel"]
[Result "0-1"]
[WhiteElo "2145"]
[BlackElo "2435"]
[PlyCount "50"]
[EventDate "2018.12.27"]
[EventCountry "DEN"]

1. d4 Nf6 2. Bg5 d5 3. Bxf6 gxf6 4. c4 c5 5. e3 dxc4 6. Bxc4 Rg8 7. Qh5 e6 8.
Ne2 Rxg2 9. Nbc3 cxd4 10. Nxd4 Qb6 11. Bb3 Bd7 12. O-O-O a5 13. Qf3 Rg6 14. Bc2
Rh6 15. Ne4 f5 16. Ng5 a4 17. e4 Bg7 18. exf5 Bxd4 19. Rxd4 Qxd4 20. Nxf7 Rh4
21. Qxb7 a3 22. fxe6 Qxb2+ 23. Qxb2 axb2+ 24. Kxb2 Bxe6 25. Ng5 Rxa2+ 0-1

[Event "Obro "]
[Site "Copenhagen"]
[Date "2018.12.28"]
[Round "2.3"]
[White "Grishchenko, Sergey"]
[Black "Haubro, Sigfred"]
[Result "1-0"]
[WhiteElo "2431"]
[BlackElo "2153"]
[PlyCount "77"]
[EventDate "2018.12.27"]
[EventCountry "DEN"]

1. d4 d5 2. c4 e6 3. Nc3 f5 4. Bf4 c6 5. Nf3 Nf6 6. e3 Be7 7. h3 O-O 8. g4 a5
9. Rg1 dxc4 10. Bxc4 b5 11. Bd3 b4 12. Na4 Nd5 13. Be5 Bf6 14. Qc2 Nd7 15. gxf5
b3 16. Qxb3 exf5 17. Bh2 Be7 18. a3 Ba6 19. Bxa6 Rxa6 20. Qb7 Qc8 21. Qxc8 Rxc8
22. Ne5 N7b6 23. Nc5 Ra7 24. Rc1 Bd6 25. Rg2 Ne7 26. Ne6 g6 27. Nxg6 Bb4+ 28.
axb4 hxg6 29. Bd6 axb4 30. Bxe7 Rxe7 31. Rxg6+ Kf7 32. Nf4 Na4 33. Rcxc6 Rxc6
34. Rxc6 Nxb2 35. Rb6 Nc4 36. Rxb4 Rc7 37. Nd5 Rc8 38. Rb7+ Ke6 39. Nb6 1-0

[Event "Obro "]
[Site "Copenhagen"]
[Date "2018.12.28"]
[Round "2.4"]
[White "Thorsbro, Peter"]
[Black "Christensen, Tobias Bent"]
[Result "0-1"]
[WhiteElo "2090"]
[BlackElo "2344"]
[PlyCount "42"]
[EventDate "2018.12.27"]
[EventCountry "DEN"]

1. d4 g6 2. c4 Bg7 3. f3 e6 4. e4 d5 5. e5 dxc4 6. Nc3 Nd7 7. h4 c5 8. Ne4 cxd4
9. f4 Nxe5 10. fxe5 Qa5+ 11. Kf2 Qxe5 12. Qf3 f5 13. Nd2 d3 14. Nh3 Qc5+ 15.
Ke1 e5 16. Nf2 Nf6 17. Nxc4 Qxc4 18. Bxd3 Qd5 19. Qe2 Be6 20. b3 O-O 21. Ba3
Qa5+ 0-1

[Event "Obro "]
[Site "Copenhagen"]
[Date "2018.12.28"]
[Round "2.7"]
[White "Haubro, Martin"]
[Black "Kistrup, Nicolai"]
[Result "0-1"]
[WhiteElo "2328"]
[BlackElo "2089"]
[PlyCount "72"]
[EventDate "2018.12.27"]
[EventCountry "DEN"]

1. e4 e5 2. Nf3 Nc6 3. Bb5 a6 4. Ba4 Nf6 5. O-O Be7 6. Re1 b5 7. Bb3 O-O 8. a4
b4 9. d4 d6 10. dxe5 dxe5 11. Nbd2 Bc5 12. h3 Qe7 13. Bc4 h6 14. a5 Nd4 15.
Nxd4 Bxd4 16. Qf3 Bb7 17. Nf1 Ne8 18. Ng3 Nd6 19. Bb3 Kh8 20. Qg4 c5 21. Nf5
Nxf5 22. exf5 Qf6 23. Bc4 e4 24. Qh5 Rae8 25. Bf4 Bxb2 26. Rad1 Be5 27. Be3 Bd4
28. Bf4 Bc8 29. g4 Bb7 30. c3 bxc3 31. Rb1 e3 32. fxe3 c2 33. Rb6 Rxe3 34. Bxe3
Bxe3+ 35. Kf1 Qd4 36. Rxe3 Qxe3 0-1

[Event "Obro "]
[Site "Copenhagen"]
[Date "2018.12.28"]
[Round "2.8"]
[White "Vils Pedersen, Thomas"]
[Black "Olsen, Peter Erik"]
[Result "0-1"]
[WhiteElo "2078"]
[BlackElo "2257"]
[PlyCount "122"]
[EventDate "2018.12.27"]
[EventCountry "DEN"]

1. d4 Nf6 2. Nf3 c5 3. d5 b5 4. Bg5 d6 5. Bxf6 exf6 6. e4 a6 7. a4 b4 8. Nbd2
g6 9. Bd3 Bg7 10. Nc4 O-O 11. O-O Qc7 12. Nfd2 Nd7 13. a5 Bb7 14. c3 bxc3 15.
bxc3 f5 16. Qc2 Nf6 17. Nb6 Rae8 18. Rfe1 Re7 19. exf5 Rxe1+ 20. Rxe1 Nxd5 21.
fxg6 hxg6 22. Nxd5 Bxd5 23. Bc4 Ba8 24. Ra1 Qc6 25. Bf1 d5 26. Nf3 Qf6 27. Rc1
Rd8 28. Qe2 Bb7 29. Qe3 d4 30. cxd4 cxd4 31. Qb3 Bxf3 32. Qxf3 Qxf3 33. gxf3 d3
34. Rd1 d2 35. Bxa6 Bc3 36. Be2 Bxa5 37. Kg2 Bc7 38. f4 Bxf4 39. h3 Bh6 40. Kf3
Rc8 41. Ke4 Kg7 42. f4 f5+ 43. Kf3 Rc3+ 44. Kg2 Bxf4 45. Bf3 Rc1 46. Rf1 Bg5
47. Bd1 Rc3 48. Rf3 Rc1 49. Rf1 Kf6 50. Kf2 Rc3 51. Rh1 Re3 52. h4 Bf4 53. h5
gxh5 54. Bxh5 Re1 55. Kg2 Ke5 56. Rf1 Bg5 57. Bd1 Be3 58. Ba4 f4 59. Bd1 Kd4
60. Ba4 Kc3 61. Bd1 Kb2 0-1

[Event "Obro "]
[Site "Copenhagen"]
[Date "2018.12.29"]
[Round "3.1"]
[White "Haarmark Nielsen, Viktor"]
[Black "Hector, Jonny"]
[Result "0-1"]
[WhiteElo "2240"]
[BlackElo "2501"]
[PlyCount "80"]
[EventDate "2018.12.27"]
[EventCountry "DEN"]

1. d4 d5 2. c4 e6 3. Nf3 Nf6 4. g3 Bb4+ 5. Bd2 Be7 6. Bg2 c6 7. Qc2 O-O 8. O-O
b6 9. Bf4 Bb7 10. Nbd2 c5 11. dxc5 bxc5 12. Ne5 Nc6 13. Nxc6 Bxc6 14. e4 Nh5
15. exd5 Nxf4 16. dxc6 Nxg2 17. Kxg2 Qd6 18. Rad1 Qxc6+ 19. Qe4 Qa6 20. Qc2 Bf6
21. b3 Bd4 22. Rfe1 e5 23. Nf1 f5 24. f3 Qh6 25. Qc1 Qh5 26. Qc2 Rae8 27. Qe2
a5 28. Nd2 Qg6 29. Rf1 Qc6 30. Nb1 e4 31. f4 e3+ 32. Rf3 Qe4 33. Na3 a4 34. Nc2
axb3 35. axb3 Ra8 36. Ne1 Ra3 37. Rd3 Rfa8 38. Rdxe3 Bxe3 39. Qxe3 Ra2+ 40. Kg1
Re2 0-1

[Event "Obro "]
[Site "Copenhagen"]
[Date "2018.12.29"]
[Round "3.3"]
[White "Porte, Henrik"]
[Black "Grishchenko, Sergey"]
[Result "1/2-1/2"]
[WhiteElo "2156"]
[BlackElo "2431"]
[PlyCount "115"]
[EventDate "2018.12.27"]
[EventCountry "DEN"]

1. d4 d5 2. c4 dxc4 3. Nf3 Nf6 4. e3 e6 5. Bxc4 a6 6. O-O c5 7. Qe2 b5 8. Bb3
Nc6 9. Nc3 Bb7 10. Rd1 Na5 11. Bc2 cxd4 12. Nxd4 Qb8 13. e4 Bd6 14. h3 O-O 15.
Bg5 Be5 16. Nf3 Nc4 17. Na4 Rc8 18. Nxe5 Qxe5 19. Bxf6 Qxf6 20. Bd3 Qe5 21.
Bxc4 bxa4 22. Bd3 Rd8 23. Bxa6 Bxa6 24. Qxa6 Qxb2 25. Qc4 Rdc8 26. Qd4 Qxd4 27.
Rxd4 Rc2 28. Rad1 g5 29. R1d2 Rc1+ 30. Kh2 Kg7 31. Kg3 Rc3+ 32. R4d3 Rac8 33.
Rxc3 Rxc3+ 34. f3 Kf6 35. Kg4 Kg6 36. h4 h5+ 37. Kg3 f6 38. hxg5 fxg5 39. Kh2
Kf6 40. Kg3 Ke5 41. Kh2 Ra3 42. Kg3 g4 43. Rb2 Kf6 44. Rb5 e5 45. Kh4 gxf3 46.
Rb6+ Ke7 47. gxf3 Rxf3 48. Kxh5 Rf2 49. Kg5 Rxa2 50. Kf5 a3 51. Kxe5 Ra1 52.
Rb7+ Kd8 53. Ra7 a2 54. Ke6 Kc8 55. e5 Kb8 56. Ra3 Kc7 57. Ke7 Re1 58. Rxa2
1/2-1/2

[Event "Obro "]
[Site "Copenhagen"]
[Date "2018.12.29"]
[Round "3.4"]
[White "Christensen, Tobias Bent"]
[Black "Vasli, Aref"]
[Result "1/2-1/2"]
[WhiteElo "2344"]
[BlackElo "2237"]
[PlyCount "55"]
[EventDate "2018.12.27"]
[EventCountry "DEN"]

1. e4 e5 2. Nf3 Nc6 3. d4 exd4 4. Nxd4 Bc5 5. Nxc6 Qf6 6. Qf3 bxc6 7. Nd2 d6 8.
Bd3 a5 9. O-O Qxf3 10. Nxf3 Ne7 11. Re1 f6 12. Be3 Bxe3 13. Rxe3 c5 14. a4 Rb8
15. b3 Nc6 16. Bb5 Bd7 17. Bxc6 Bxc6 18. Nd2 Kd7 19. Nc4 Rhe8 20. f3 Ra8 21.
Rd1 Ke7 22. Red3 Bd7 23. Kf2 Be6 24. Ne3 Rab8 25. h4 Rb4 26. Rc3 h5 27. Kg3 g6
28. Kf2 1/2-1/2

[Event "Obro "]
[Site "Copenhagen"]
[Date "2018.12.29"]
[Round "3.5"]
[White "Manosri Jacobsen, FM Mikkel"]
[Black "Sondergaard Thybo, Thomas"]
[Result "1-0"]
[WhiteElo "2321"]
[BlackElo "2175"]
[PlyCount "63"]
[EventDate "2018.12.27"]
[EventCountry "DEN"]

1. Nf3 Nf6 2. b3 e6 3. Bb2 d5 4. g3 b5 5. c4 bxc4 6. bxc4 Nbd7 7. cxd5 exd5 8.
Bg2 c5 9. Nc3 Rb8 10. Na4 Bd6 11. O-O O-O 12. Ba3 Qa5 13. d4 Ba6 14. Bxc5 Bxc5
15. Nxc5 Nxc5 16. dxc5 Qxc5 17. Qd4 Qe7 18. Rfe1 Rb4 19. Qc3 Rfb8 20. Ne5 Qd6
21. Rac1 d4 22. Qa3 R4b6 23. Qxd6 Rxd6 24. Rc7 Re8 25. f4 Nd5 26. Rxa7 Nb4 27.
a3 Nc2 28. Rc1 Rc8 29. Nxf7 Rf6 30. Bd5 Kf8 31. Ne5 Bxe2 32. Be4 1-0

[Event "Obro "]
[Site "Copenhagen"]
[Date "2018.12.29"]
[Round "3.6"]
[White "Olsen, Peter Erik"]
[Black "Kistrup, Nicolai"]
[Result "0-1"]
[WhiteElo "2257"]
[BlackElo "2089"]
[PlyCount "74"]
[EventDate "2018.12.27"]
[EventCountry "DEN"]

1. d4 Nf6 2. c4 e6 3. Nc3 Bb4 4. Qc2 O-O 5. a3 Bxc3+ 6. Qxc3 b6 7. Bg5 Bb7 8.
e3 d5 9. cxd5 Bxd5 10. Nf3 c5 11. dxc5 Nbd7 12. Bxf6 Nxf6 13. cxb6 Qxb6 14. Be2
Rfc8 15. Qd4 Qxd4 16. exd4 a5 17. Rb1 Rab8 18. O-O Rc2 19. Bd3 Rcxb2 20. Rxb2
Rxb2 21. Rb1 Rxb1+ 22. Bxb1 Kf8 23. Ne5 Ke7 24. f3 Ne8 25. Nd3 Nd6 26. Nf4 Nb5
27. Nxd5+ exd5 28. a4 Nxd4 29. Kf2 h6 30. Ke3 Ne6 31. Bc2 Kd6 32. h4 Kc5 33.
Bb3 Nd4 34. Bd1 Nf5+ 35. Kf4 Nxh4 36. g4 Ng2+ 37. Ke5 Ne3 0-1

[Event "Obro "]
[Site "Copenhagen"]
[Date "2018.12.29"]
[Round "3.8"]
[White "Frisk, Ellinor"]
[Black "Olsson, Thomas"]
[Result "1-0"]
[WhiteElo "2251"]
[BlackElo "1986"]
[PlyCount "83"]
[EventDate "2018.12.27"]
[EventCountry "DEN"]

1. Nf3 Nf6 2. c4 g6 3. g3 Bg7 4. Bg2 d6 5. O-O O-O 6. Nc3 e5 7. d3 Nc6 8. Rb1
a5 9. a3 Nh5 10. b4 axb4 11. axb4 h6 12. b5 Ne7 13. Qb3 Kh7 14. Ba3 Rb8 15. b6
c5 16. Nd2 f5 17. Nd5 Nxd5 18. Bxd5 Qg5 19. Qc2 Nf4 20. Bf3 Ne6 21. e3 Qf6 22.
Bg2 Qe7 23. f4 exf4 24. gxf4 Bd7 25. Bb2 Rfc8 26. Bxg7 Qxg7 27. Qb2 Qe7 28.
Rbe1 Bc6 29. Bd5 Bxd5 30. cxd5 Ng7 31. Nc4 Ne8 32. e4 Qf7 33. Qg2 Rd8 34. Re2
Rbc8 35. Qf3 Ra8 36. Rfe1 Rab8 37. Ra2 Ra8 38. Rxa8 Rxa8 39. e5 dxe5 40. fxe5
Qf8 41. d6 Rb8 42. Qd5 1-0

[Event "Obro "]
[Site "Copenhagen"]
[Date "2018.12.29"]
[Round "3.10"]
[White "Orio, Lars"]
[Black "Haubro, Martin"]
[Result "0-1"]
[WhiteElo "1928"]
[BlackElo "2328"]
[PlyCount "117"]
[EventDate "2018.12.27"]
[EventCountry "DEN"]

1. e4 c5 2. c3 Nf6 3. e5 Nd5 4. Nf3 Nc6 5. Bc4 Nc7 6. O-O d5 7. exd6 Qxd6 8. d4
Bf5 9. Be3 cxd4 10. cxd4 e6 11. Nc3 Rd8 12. Rc1 Be7 13. Nb5 Nxb5 14. Bxb5 O-O
15. Bxc6 bxc6 16. Qa4 Bd3 17. Rfd1 Bb5 18. Qc2 Rc8 19. Qe4 Qd5 20. Qxd5 cxd5
21. Rxc8 Rxc8 22. Rc1 Rxc1+ 23. Bxc1 Bd6 24. Bd2 f6 25. Bc3 Kf7 26. g3 Bd3 27.
Ne1 Bb1 28. a3 e5 29. f3 Ke6 30. Kf2 h5 31. Ke3 e4 32. Ng2 g5 33. Kf2 exf3 34.
Kxf3 Be4+ 35. Kf2 Kd7 36. Ne3 Kc6 37. Ba5 Be7 38. Ke1 f5 39. Bd2 Kb5 40. Bc3
Bd6 41. Ke2 f4 42. Nf1 Ka4 43. gxf4 gxf4 44. Nd2 f3+ 45. Nxf3 Bxf3+ 46. Kxf3
Bxh2 47. Kg2 Bf4 48. Kh3 Bg5 49. Kg3 Kb3 50. Kh3 a6 51. Kg3 Bc1 52. Kh4 Bxb2
53. Ba5 Bxd4 54. Kxh5 Kxa3 55. Kg4 Kb3 56. Kf3 Bc3 57. Bb6 a5 58. Ke2 a4 59.
Kd1 0-1

[Event "Obro "]
[Site "Copenhagen"]
[Date "2018.12.29"]
[Round "4.1"]
[White "Hector, Jonny"]
[Black "Manosri Jacobsen, FM Mikkel"]
[Result "1-0"]
[WhiteElo "2501"]
[BlackElo "2321"]
[PlyCount "45"]
[EventDate "2018.12.27"]
[EventCountry "DEN"]

1. e4 c5 2. Nf3 Nf6 3. Nc3 d5 4. e5 Ne4 5. Bb5+ Nc6 6. Ne2 Qa5 7. Bxc6+ bxc6 8.
O-O h6 9. d3 Ng5 10. Nxg5 hxg5 11. Bxg5 f6 12. Bf4 Rh5 13. d4 Bg4 14. f3 Bd7
15. c3 cxd4 16. cxd4 c5 17. Bd2 Qb6 18. Nf4 Rh4 19. Qc2 fxe5 20. dxc5 Qc6 21.
Qg6+ Kd8 22. Qxc6 Bxc6 23. Ng6 1-0

[Event "Obro "]
[Site "Copenhagen"]
[Date "2018.12.29"]
[Round "4.2"]
[White "Kistrup, Nicolai"]
[Black "Antonsen, Mikkel"]
[Result "1/2-1/2"]
[WhiteElo "2089"]
[BlackElo "2435"]
[PlyCount "78"]
[EventDate "2018.12.27"]
[EventCountry "DEN"]

1. d4 Nf6 2. c4 g6 3. Nc3 d5 4. cxd5 Nxd5 5. e4 Nxc3 6. bxc3 Bg7 7. Nf3 c5 8.
Be3 Qa5 9. Qd2 O-O 10. Rc1 Nd7 11. d5 Nf6 12. c4 Qxd2+ 13. Nxd2 b6 14. Be2 e6
15. e5 Ne8 16. f4 Bb7 17. dxe6 f6 18. Bf3 Bxf3 19. Nxf3 Nc7 20. Ke2 Rae8 21.
Rhd1 Nxe6 22. Rd7 fxe5 23. fxe5 Nf4+ 24. Bxf4 Rxf4 25. Kd3 a6 26. Rb1 g5 27.
Rxb6 g4 28. Ng5 Bxe5 29. Re6 Rxe6 30. Rd8+ Rf8 31. Rxf8+ Kxf8 32. Nxe6+ Ke7 33.
Nxc5 Bxh2 34. Nxa6 h5 35. Ke4 h4 36. Nb4 Kd6 37. Nd3 Bg3 38. a4 Kc6 39. Ke3 h3
1/2-1/2

[Event "Obro "]
[Site "Copenhagen"]
[Date "2018.12.29"]
[Round "4.3"]
[White "Grishchenko, Sergey"]
[Black "Frisk, Ellinor"]
[Result "1-0"]
[WhiteElo "2431"]
[BlackElo "2251"]
[PlyCount "134"]
[EventDate "2018.12.27"]
[EventCountry "DEN"]

1. d4 d5 2. c4 c6 3. Nc3 Nf6 4. Nf3 dxc4 5. e4 b5 6. e5 Nd5 7. Be2 e6 8. Ne4
Be7 9. O-O O-O 10. b3 c3 11. a3 a5 12. Qc2 b4 13. axb4 Ba6 14. Neg5 g6 15. Bxa6
Nxa6 16. Qe4 Kg7 17. h4 h6 18. Nh3 axb4 19. h5 c5 20. Qg4 Qd7 21. Rd1 Nac7 22.
Rxa8 Rxa8 23. dxc5 Qe8 24. hxg6 fxg6 25. Nf4 Qf7 26. Nd3 Qf5 27. Qc4 Ra2 28.
Re1 g5 29. Nd4 Qg4 30. Re4 Qd1+ 31. Re1 Qg4 32. Nxb4 Nxb4 33. Qxb4 Nd5 34. Qc4
Kf7 35. c6 Rd2 36. Ne2 Nf4 37. Nxf4 gxf4 38. Qxc3 Rc2 39. Qd4 Bc5 40. Qd7+ Kg8
41. Qd8+ Kg7 42. Bd2 f3 43. Qf6+ Kg8 44. Qxf3 Qxf3 45. gxf3 Rxd2 46. c7 Bxf2+
47. Kf1 Rc2 48. Rd1 Rxc7 49. Kxf2 Kf7 50. Ke3 Kg6 51. Ke4 Rb7 52. Rg1+ Kf7 53.
Rb1 Rb4+ 54. Kd3 Kg6 55. Kc3 Rb8 56. b4 Kf5 57. Kd4 Rd8+ 58. Kc5 Kxe5 59. Re1+
Kf5 60. b5 Rd3 61. Rb1 Rxf3 62. b6 Rg3 63. b7 Rg8 64. b8=Q Rxb8 65. Rxb8 h5 66.
Kd4 h4 67. Ke3 h3 1-0

[Event "Obro "]
[Site "Copenhagen"]
[Date "2018.12.29"]
[Round "4.7"]
[White "Stage Steffensen, Sander"]
[Black "Olsen, Peter Erik"]
[Result "1/2-1/2"]
[WhiteElo "2012"]
[BlackElo "2257"]
[PlyCount "59"]
[EventDate "2018.12.27"]
[EventCountry "DEN"]

1. e4 c6 2. Nc3 d5 3. Nf3 dxe4 4. Nxe4 Nf6 5. Nxf6+ exf6 6. d4 Bd6 7. Bd3 O-O
8. O-O Bg4 9. c3 Re8 10. h3 Bh5 11. g4 Bg6 12. Nh4 Qc7 13. Nxg6 hxg6 14. h4 Nd7
15. Qf3 Nf8 16. h5 c5 17. Be3 Rad8 18. Kg2 gxh5 19. gxh5 cxd4 20. cxd4 Qd7 21.
Rh1 Nh7 22. Bf5 Qb5 23. a4 Qb3 24. Rag1 Ng5 25. Bxg5 Qxf3+ 26. Kxf3 fxg5 27.
Rxg5 Be7 28. Rg4 Bf6 29. b4 Bxd4 30. Rd1 1/2-1/2

[Event "Obro "]
[Site "Copenhagen"]
[Date "2018.12.29"]
[Round "4.8"]
[White "Kristian Kragh, Niels"]
[Black "Haubro, Martin"]
[Result "0-1"]
[WhiteElo "2064"]
[BlackElo "2328"]
[PlyCount "70"]
[EventDate "2018.12.27"]
[EventCountry "DEN"]

1. e4 c5 2. Nf3 d6 3. d4 cxd4 4. Nxd4 Nf6 5. Nc3 a6 6. f4 Nbd7 7. Nf3 Qc7 8. a4
b6 9. Bd3 Bb7 10. O-O g6 11. Qe1 Bg7 12. Kh1 Nc5 13. Bd2 O-O 14. f5 Qc6 15. Qh4
Nfxe4 16. Nxe4 Nxe4 17. Bh6 Bf6 18. Qg4 Rfe8 19. Rae1 d5 20. Nd2 Qxa4 21. c4
Rad8 22. b3 Qd7 23. cxd5 Nxd2 24. Bxd2 Qxd5 25. Re3 Bc8 26. Qg3 Qd6 27. Qe1 b5
28. Ba5 Rd7 29. fxg6 hxg6 30. Rxf6 Qxf6 31. Bc3 e5 32. Be4 Bb7 33. Bxb7 Rxb7
34. Bxe5 Rbe7 35. Bxf6 Rxe3 0-1

[Event "Obro "]
[Site "Copenhagen"]
[Date "2018.12.29"]
[Round "4.9"]
[White "Petersen, Nils"]
[Black "Haarmark Nielsen, Viktor"]
[Result "0-1"]
[WhiteElo "1993"]
[BlackElo "2240"]
[PlyCount "94"]
[EventDate "2018.12.27"]
[EventCountry "DEN"]

1. c4 g6 2. g3 Bg7 3. Bg2 d6 4. Nc3 e5 5. e4 Nf6 6. Nge2 O-O 7. O-O c6 8. d3
Be6 9. h3 d5 10. b3 a5 11. Bg5 d4 12. Na4 Na6 13. Qd2 b5 14. Nb2 Nc5 15. Rad1
Qc8 16. Kh2 Nfd7 17. Bh6 b4 18. Bxg7 Kxg7 19. f4 f6 20. f5 Bf7 21. h4 a4 22.
bxa4 Nxa4 23. Nxa4 Rxa4 24. fxg6 hxg6 25. Bh3 Qd8 26. Bxd7 Qxd7 27. Nc1 Qg4 28.
Qg2 Be6 29. Rd2 Ra7 30. Ne2 Rh8 31. Kg1 g5 32. Qf3 Qxf3 33. Rxf3 Bg4 34. Rf2
Bxe2 35. Rfxe2 gxh4 36. gxh4 Rxh4 37. Rg2+ Kf7 38. Rh2 Rxh2 39. Kxh2 Ke6 40.
Kg3 f5 41. exf5+ Kxf5 42. Rf2+ Ke6 43. Rb2 c5 44. Kf3 Rf7+ 45. Ke2 Rh7 46. Kf1
Rh1+ 47. Kg2 Rd1 0-1